| 000 | 01226nam a22002657a 4500 | ||
|---|---|---|---|
| 005 | 20120112143825.0 | ||
| 008 | 120112t xxu||||| |||| 00| 0 mar d | ||
| 010 | _aMAR-22062 | ||
| 020 |
_c100.00 _a9788174981455 |
||
| 035 | _aMR-14720 | ||
| 037 | _bDBAD/PUB | ||
| 040 |
_aDPL _bMR |
||
| 082 | _a891.462 | ||
| 100 |
_aचौगुले,डी.एस. _939079 |
||
| 245 |
_aदिशांतर / _cडी.एस.चौगुले ; संध्या देशपांडे द्वारा अनुवादित |
||
| 246 |
_aDishantar _bby D.S.Chougle |
||
| 260 |
_aनागपूर _bविजय प्रकाशन _c2011 |
||
| 270 |
_aहनुमान गल्ली,सीतीबर्डी, _bनागपूर _e440012 |
||
| 300 |
_aiii,70पृ _c21सेमी(अजिल्द) |
||
| 650 |
_aमराठी नाटक _946927 |
||
| 650 |
_aMarathi Play _946928 |
||
| 700 |
_aदेशपांडे,संध्या _946934 |
||
| 942 |
_2ddc _cMR _mचौगुले _h891.462 |
||
| 999 |
_c66509 _d66509 |
||